000
00314nam a22001337a 4500
008
181029b xxu||||| |||| 00| 0 eng d
020
_a
0871897954
041
_a
eng
080
_a
612.39
100
_a
10
101
_a
NUT
245
_a
Understanding Foodservice Financial Management
_c
Sneed,J
942
_2
udc
_c
BK
999
_c
51046
_d
51046